000
00316nam a2200121Ia 4500
008
151001s9999||||xx |||||||||||||| ||und||
100
_a
शेखर
245
_a
विलक्षण गौडबंगाल
250
_a
1
260
_b
कूटकथा प्रकाशन
300
_a
96
365
_b
7
999
_c
949429
_d
949426